000 00285nam a2200109Ia 4500
008 220204s9999 xx 000 0 und d
082 _a331.572.44
_bGOL
100 _aGOLZE, Alfred R
245 0 _aReclamation in the United States.
260 _aNew York
_bMcgraw Hill
_c1952
942 _cBK
999 _c19402
_d19402